| 000 | 01055nam0a22002411 4500 | ||
|---|---|---|---|
| 001 | rc\1121521 | ||
| 005 | 20041126174434.0 | ||
| 035 | _a(NLR Aleph) 006364463 | ||
| 090 |
_a4936470 _c4936470 |
||
| 100 | _a20041126d1981 u |0rusy50 ca | ||
| 101 | 0 | _arus | |
| 102 | _aRU | ||
| 105 | _ay ||||||||| | ||
| 200 | 1 |
_aИстория СССР _eРазд. VII. Тема 5. Завершение соц. реконструкции нар. хоз-ва. Построение социализма в СССР (1933-1937 гг.) _eСписок лит. для учителей на 1980-1981 учеб. год _fМ-во культуры РСФСР, Гос. публ. ист. б-ка _g[Ред.-сост. Э.Г. Юнц] |
|
| 210 |
_aМ. _cГПИБ _d1981 |
||
| 215 |
_a[1], 27 с. _d20 |
||
| 702 | 1 |
_aЮнц _bЭ. Г. _gЭдуард Григорьевич _4340 |
|
| 712 | 0 | 2 |
_aПубличная историческая б-ка РСФСР _3RU\NLR\AUTH\888735 |
| 801 | 0 |
_aRU _bNLR _gpsbo |
|
| 801 | 1 |
_aRU _bELAR _2rusmarc |
|
| 852 |
_aNLR _bС _jК-1/742 |
||
| 942 | _cBOOK | ||
| 980 | _aNB | ||